Development for rural poor (Record no. 355683)

000 -LEADER
fixed length control field 00353cam a22001217a 4500
008 - FIXED-LENGTH DATA ELEMENTS--GENERAL INFORMATION
fixed length control field 180718b1987 xxu||||| |||| 00| 0 eng d
082 ## - DEWEY DECIMAL CLASSIFICATION NUMBER
Classification number B136x5421 T737 CRS
100 ## - MAIN ENTRY--PERSONAL NAME
Personal name Trihathi, Satyendra
245 ## - TITLE STATEMENT
Title Development for rural poor
Statement of responsibility, etc. by Satyendra Tripathi
260 ## - PUBLICATION, DISTRIBUTION, ETC.
Place of publication, distribution, etc. Jaipur
Name of publisher, distributor, etc. Rawat
Date of publication, distribution, etc. 1987
300 ## - PHYSICAL DESCRIPTION
Extent 197p.
650 ## - SUBJECT ADDED ENTRY--TOPICAL TERM
Topical term or geographic name entry element Rural development - India - U.P.
Holdings
Withdrawn status Lost status Damaged status Not for loan Permanent Location Current Location Date acquired Full call number Barcode Date last seen Price effective from Koha item type
        Indian Institute of Public Administration Indian Institute of Public Administration 1993-12-23 B136x5421 T737 CRS 63625 2018-07-21 2018-07-21 Book

Powered by Koha